Geología para ingenieros. /

Guardado en:
Autor Principal: Trefethen, Joseph M.
Formato: Libro
Idioma:Spanish
Publicado: México : Continental, 1962.
Etiquetas: Agregar Etiqueta
Sin Etiquetas, Sea el primero en etiquetar este registro!
LEADER 00441nam a22001455a 4500
001 EUN.um019724
003 AR-BaUNS
005 20050623122859.0
008 041125s1962####mx#a##########000#0#spa#d
245 1 0 |a Geología para ingenieros. /  |c Joseph M. Trefethen. 
260 |a México :  |b Continental,  |c 1962. 
300 |a 668 p. :  |b ilus. ;  |c 23,5 cm. 
100 1 |a Trefethen, Joseph M. 
082 0 4 |a 550 
859 |a Ar-BaUNS  |b BIB. CENTRAL - Sector C  |h 550  |i T716-1  |p 721/963